000 01187cam a22003377a 4500
003 CHAP
005 20220329143050.0
008 051128d2003 mx r 00110 spa d
010 _a91428
011 _a92400
035 _a102964
040 _cCHAP
090 _aTesis
100 0 0 _aSánchez Aguas, Floricel.
_9107304
245 1 0 _aEfecto de la densidad de población y el arreglo topológico en soya forrajera, linea L10 (R4M18), en tres etapas fenológicas
_c/por Floricel Sánchez Aguas
260 _aCocula, Gro. :
_bEl autor,
_c2003.
300 _a46 h.
502 _aTesis (Ing. Agr. Zootecnista) - - Colegio Superior Agropecuario del Estado de Guerrero
590 _aALEPH
_b10
_c20130110
_lUCH01
_h1508
590 _aBATCH-UPD
_b10
_c20130110
_lUCH01
_h0352
590 _aBATCH-UPD
_b10
_c20130110
_lUCH01
_h1824
590 _aBATCH-UPD
_b10
_c20130410
_lUCH01
_h0025
590 _aBATCH-UPD
_b10
_c20130914
_lUCH01
_h1356
590 _aCONVERSION
_b10
_c20130109
_lUCH01
_h1351
650 1 4 _aFenología.
_940043
650 1 4 _aSoya como forraje.
_9109101
901 _aBK
905 _aLilia
942 _cTESIS
949 _aTesis
_bBC
_cTES
_d33724000970133
_eTS1
_h44390
_i102964
_sb
999 _c91428
_d91428